| 000 | 00803nam a2200241 a 4500 | ||
|---|---|---|---|
| 001 | 13286 | ||
| 003 | BD-RjUL | ||
| 005 | 20211208235430.0 | ||
| 008 | 170613s19651946nyuob 001 0 eng d | ||
| 035 | _a(BD-RjUL)13337 | ||
| 040 |
_aDLC _cDLC _dBD-RjUL _beng |
||
| 041 | _aeng | ||
| 082 | 0 | 0 |
_a597.95 _bSMH 1965 _223 |
| 100 | 1 |
_aSmith, Hobart M. _q(Hobart Muir), _d1912-2013. _941374 |
|
| 245 | 1 | 0 |
_aHandbook of lizards : _blizards of the United States and of Canada / _cHobart M. Smith. |
| 260 |
_aIthaca ; N.Y. : _bComstock publishing co., incorporated, _cc1946 [reprinted 1965]. |
||
| 300 |
_axxi, 557 p. : _bill. ; _c24 cm. |
||
| 490 | _aHandbooks of American natural history, | ||
| 504 | _aInclude index. | ||
| 650 | 0 |
_aLizards _zNorth America. _941375 |
|
| 942 |
_2ddc _cBK |
||
| 999 |
_c13286 _d13286 |
||